000 00677nam a2200289Ia 4500
005 20260324143749.0
008 008 260324s9999 xx 000 0 eng d
020 _a9780429043376
037 _aEBOOK
040 _aCRL
040 _beng
040 _cCRL
041 _2eng
041 _aeng
084 _qCRL
100 _aMiron Rezun
_91216835
245 0 _aIran At The Crossroads
245 0 _bGlobal Relations In A Turbulent Decade
260 _bTaylor and Francis
260 _c1990
365 _a
365 _b230
856 _uhttp://www.taylorfrancis.com/books/9780429043376
942 _cEBOOK
999 _c1822629
_d1822629